Movies Quiz

Random Movies or Director Quiz

Two Films, Same Director Quiz Stats

Quiz not verified by Sporcle

Challenge
Share
Tweet
Score 0/20 Timer 06:00
0 Plays Today
% Correct
Pulp Fiction
96.8%
Raging Bull
94.1%
Fargo
92.6%
The Good, the Bad and the Ugly
92%
Inception
91.5%
Aliens
91%
JFK
91%
Fight Club
89.9%
Life of Pi
88.3%
Unforgiven
86.7%
% Correct
The Godfather
86.2%
Rushmore
84.6%
The Princess Bride
84.6%
Sin City
83.5%
Point Break
83%
Lost in Translation
81.9%
The Blues Brothers
78.7%
Children of Men
77.1%
Dazed and Confused
75.5%
Who Framed Roger Rabbit?
72.9%

You're not logged in!

Compare scores with friends on all Sporcle quizzes.
Sign Up with Email
OR
Log In

You Might Also Like...

Show Comments

Extras

Top Quizzes Today


Score Distribution

Your Account Isn't Verified!

In order to create a playlist on Sporcle, you need to verify the email address you used during registration. Go to your Sporcle Settings to finish the process.